Vegyesek a villa eredete hazánkban /

Elmentve itt :
Bibliográfiai részletek
Szerző: T. K.
Dokumentumtípus: Cikk
Megjelent: 1900
Sorozat:Magyar gazdaságtörténelmi szemle 7
Kulcsszavak:Történelemtudomány
Online Access:http://misc.bibl.u-szeged.hu/576
LEADER 00551nab a2200169 i 4500
001 misc576
005 20191106144124.0
008 170607s1900 hu o 0|| hun d
040 |a SZTE Miscellanea Repozitórium  |b hun 
041 |a hun 
100 1 |a T. K. 
245 1 0 |a Vegyesek   |h [elektronikus dokumentum] :  |b a villa eredete hazánkban /  |c  T. K. 
260 |c 1900 
300 |a 332 
490 0 |a Magyar gazdaságtörténelmi szemle  |v 7 
695 |a Történelemtudomány 
856 4 0 |u http://misc.bibl.u-szeged.hu/576/1/gazd_tort_szeml_1900_332.pdf  |z Dokumentum-elérés